Loading...
| Science - Biology | 0 | 3 | 1 | 0 | 25 | 68 | 98.67 | 1 | 3 | 5.32 | 18.18 |
| History - American | 0 | 1 | 0 | 1 | 10 | 123 | 123.00 | 0 | 1 | -0.07 | 4.55 |
| History - European | 0 | 1 | 0 | 0 | 10 | 41 | 41.00 | 0 | 1 | 6.13 | 7.58 |
| History - World | 0 | 1 | 0 | 0 | 10 | 100 | 100.00 | 0 | 1 | 1.64 | 6.06 |
| Mythology | 0 | 1 | 0 | 0 | 10 | 116 | 116.00 | 1 | 1 | 1.97 | 9.09 |
| Philosophy | 0 | 1 | 0 | 0 | 10 | 143 | 143.00 | 0 | 1 | 0.00 | 3.03 |
| Science - Physics | 0 | 1 | 0 | 0 | 10 | 128 | 128.00 | 0 | 1 | 0.00 | 4.55 |
| Science - Chemistry | 0 | 1 | 0 | 0 | 10 | 115 | 115.00 | 0 | 1 | 0.38 | 7.58 |
| Science - Other | 0 | 1 | 0 | 0 | 10 | 105 | 105.00 | 0 | 1 | 1.20 | 4.55 |
| Geography | 0 | 0 | 1 | 0 | -5 | 0.00 | 0 | 0 | 0.00 | 0.00 | |
| Religion | 0 | 0 | 2 | 0 | -10 | 0.00 | 0 | 0 | 0.00 | 0.00 |